| 000 | 00459nam a22001937a 4500 | ||
|---|---|---|---|
| 003 | CEME | ||
| 005 | 20210628203517.0 | ||
| 008 | 210119b xxu||||| |||| 00| 0 eng d | ||
| 020 | _a0-619-21385-X | ||
| 040 | _c. | ||
| 082 | _a004 PAR | ||
| 100 |
_aParsons, June Jamrich, Oja, Dan _965923 |
||
| 245 | _aComputer concepts | ||
| 250 | _a7TH | ||
| 260 |
_aUSA _bTHOMAS _c2004 |
||
| 300 | _aX,432P | ||
| 650 |
_aCOMPUTER CONCEPTS _965924 |
||
| 942 |
_cBK _2ddc |
||
| 999 |
_c573994 _d573994 |
||